Państwa graniczące, których stolice są najbardziej oddalone od siebie - Statystyki

Ogólne statystyki
  • Ten quiz został rozwiązany 79 razy
  • Średni wynik to 20 z 27
Statystyki odpowiedzi
Państwo % Poprawnych
Rosja
98%
Chiny
92%
Brazylia
91%
Mongolia
86%
Kazachstan
85%
Indie
83%
Korea Północna
82%
Peru
82%
Stany Zjednoczone
82%
Francja
80%
Kolumbia
80%
Pakistan
80%
Meksyk
75%
Wenezuela
74%
Laos
72%
Afganistan
71%
Nepal
69%
Mjanma
68%
Bhutan
66%
Tadżykistan
66%
Kirgistan
62%
Surinam
62%
Indonezja
60%
Algieria
57%
Mali
52%
Mauretania
46%
Papua-Nowa Gwinea
46%
Nie znaleziono quizów pasujących do podanych kryteriów
Rozkład punktacji
Procent ludzi z każdym wynikiem
Percentyl według liczby udzielonych odpowiedzi
Twoja historia wyników
Nie rozwiązałeś tego quizu